000 00400 a2200169 4500
001 50629
020 _a8532239315
040 _cAnchieta - Bela Vista
100 _aTexeira,Martins Rodrigues
240 1 0 _aMatemática em mil e uma histórias
_l
245 1 0 _aMatemática em mil e uma histórias
300 _a32
362 0 _a1999
440 1 _aFTD
650 4 _aLiteratura juvenil
942 _cBK
999 _c50629
_d50629